1986 1108 1699 1920 1389 1051 1943 1721 1992 1330 1791 1330 1883 1434 1192 1406 1905 1944 1282 1012 1883 1156 1831 1992 1133 1150 1769 1620 1017 1705 1865 1388 1625 1371 1194 1579 1447 1902 1612 1100 1216 1669 1732 1636 1344 1960 1451 1977 1679 1984 1732 1951 1296 1457 1747 1654 1810 1948 1612 1291 1925 1164 1598 1452 1489 1150 1997 1399 1954 1201 1414 1663 1178 1765 1195 1746 1306 1496 1050 1180 1383 1760 1432 1673 1015 1086 1730 1653 1360 1698 1474 1675 1354 1683 1118 1945 1194 1882 1863 BCNSPRNW ULIB Ver.6.0+V

เปลี่ยนเป็นภาษาไทย

Change to English
 แสดงรายละเอียดบรรณานุกรม
  กลับหน้าหลัก

Brief Record : Get Marc (ISO 2709) : E-mail record : QR code < ปิดหน้าต่าง
LEADER : 00000nam 2200000uu 4500
001    13399113445
003     ULIB
008    110627s2551||||th 000 0 tha d
020    9789749753866
090    นว.^bส222ร 2551
100 0  สปาร์เก็ตตี้
245 00 ปาฏิหาริย์พรหมลิขิตรัก/^cสปาร์เก็ตตี้
250    พิมพ์ครั้งที่ 1
260    กรุงเทพฯ :^bSugar rian,^c2551
300    222 หน้า
710 1  Sugar rian
945    ^p159^l0^i024675
995    ทศพร
999 ^a ใช้งานได้ทุกระบบ
รายการนี้ยังไม่มีแท็ก
คุณยังไม่ได้ล็อกอิน คุณสามารถมีกิจกรรมร่วมกับเว็บไซต์ได้ แต่ต้องล็อกอินก่อน ::
  ล็อกอิน

รายการสื่อสารสนเทศ

ลำดับที่ ประเภท เลขเรียก/บาร์โค้ด สถานที่ สถานะ
1. นวนิยาย
นวนิยาย
นว. ส222ร 2551 ฉ.1 
  Barcode: 024675
ห้องสมุดวิทยาเขตสวรรค์ประชารักษ์
►นวนิยาย
บนชั้น
  ขอยืม

BibComment


ยังไม่เคยถูกคอมเมนท์

คอมเมนท์ทรัพยากรรายการนี้
  คอมเมนท์: ปาฏิหาริย์พรหมลิข..


 Copyright 2026. Bcnsprnw @Library